Just Cause 3 - Cities and Bases (with map) - Statistics

General Stats
  • This quiz has been taken 31 times
  • The average score is 29 of 66
Answers on the Map
Answers color-coded by a green-red scale on the quiz's map according to % correct below.
 
Answer Stats
Province Type Name % Correct
Baia City Manaea
78%
Baia Base Vis Electra
67%
Aspera Base Cima Leon : Centcom
63%
Regno City Citate di Ravello
63%
Sirocco Nord City Costa Del Porto
63%
Falco Base Falco Maxime
63%
Lacos Base Cima Leon : Silo
59%
Prima City Agro
56%
Corda Dracon Base Corda Dracon : Centcom
56%
Sirocco Nord Base Porto Vena
56%
Plagia Base Vigilator Nord
56%
Sirocco Sud Base Vigilator Sud
56%
Feno City Babica
52%
Soros City Cava de Rebelles
52%
Prospere Base Cava Grande
52%
Feno Base Cima Leon : Transmitter
52%
Sirocco Nord City Costa Di Ravello
52%
Maestrale Base Vulture
52%
Prima City Agro Nove
48%
Montana Base Cava Montana
48%
Sirocco Sud Base Le Galera
48%
Sirocco Nord Base Le Tutor
48%
Lavanda Base Porto Le Gratia
48%
Petra Base Puncta Sud
48%
Lacos City Alba
44%
Prospere Base Cava Grande Secunde
44%
Lacos City Colle Salrosa
44%
Capite Est Base Espia Alta
44%
Costa Sud Base Griphon
44%
Val de Mar Base Porto Coclea
44%
Trio Base Porto Darsena
44%
Maestrale Base Porto Tridente
44%
Libeccio City Vista Dracon
44%
Prima City Vista Fonte
44%
Feno City Albeto Pero
41%
Rocca Blau Base Cava Geminos Est
41%
Rocca Blau Base Cava Geminos Nord
41%
Petra Base Espia Bassa
41%
Trio Village Vico Gamba
41%
Grande Pastura Base Alte Potentia
37%
Rocca Blau Base Cava Geminos Sud
37%
Libeccio City Celata
37%
Lacos City Fortalessa
37%
Petra City Olivo Moro
37%
Costa Sud City Perla Est
37%
Umbra City Refugio Umbra
37%
Plagia City Surpicco
37%
Capite Est Village Vico Thunno
37%
Prima City Bellevia
33%
Libeccio City Burgoletto
33%
Sirocco Sud City Cirilla
33%
Cauda City Grotta Contrabandero
33%
Sirocco Sud City Laguna Del Sol
33%
Lavanda City Lantuina
33%
Libeccio City Nacre
33%
Capite West Base Porto Cavo
33%
Lavanda City Rondella
33%
Trio Village Vico Platessa
33%
Capite Est Village Vico Spigola
33%
Trio City Ponere
30%
Capite Est City Vinialetta
30%
Capite West City Arco Sperantia
26%
Massos City Cinta
26%
Trio Village Vico Maquerello
26%
Petra Village Vico Tructa
26%
Massos City Soliana
22%
No matching quizzes found
Score Distribution
Percent of People with Each Score
Percentile by Number Answered
Your Score History
You have not taken this quiz